После свадьбы жили хорошо: повести и рассказы

Detalles Bibliográficos
Autor Principal: Шим Э. Ю. Эдуард Юрьевич
Outros autores: Адамов Е. (иллюстратор)
Summary:Исключено из фонда НТБ ТПУ
Idioma:ruso
Publicado: Москва, Советский писатель, 1991
Formato: MixedMaterials Libro
KOHA link:https://koha.lib.tpu.ru/cgi-bin/koha/opac-detail.pl?biblionumber=152900

MARC

LEADER 00000nam0a2200000 4500
001 152900
005 20231031151206.0
010 |a 5265018549 
020 |a RU  |b 91-49308 
035 |a (RuTPU)RU\TPU\book\165788 
090 |a 152900 
100 |a 20090206d1991 m y0rusy5003 ca 
101 0 |a rus 
102 |a RU 
105 |a a z 000ay 
200 1 |a После свадьбы жили хорошо  |e повести и рассказы  |f Э. Ю. Шим  |g худож. Е. Адамов 
210 |a Москва  |c Советский писатель  |d 1991 
215 |a 608 с.  |c ил.  |d 21 см 
333 |a Исключено из фонда НТБ ТПУ 
675 |a Р2  |z rus 
700 1 |a Шим  |b Э. Ю.  |g Эдуард Юрьевич  |4 070 
702 1 |a Адамов  |b Е.  |4 440 
801 0 |a RU  |b RuMRKP  |c 19950417  |g psbo 
801 1 |a RU  |b 63413507  |c 20090206  |g PSBO 
801 2 |a RU  |b 63413507  |c 20221006  |g PSBO 
942 |c BK